000 01250nam a2200241Ia 4500
003 Ost
005 20260507075434.0
008 260507s9999||||xx |||||||||||||| ||und||
040 _cfsecg
041 _aara
082 _a338.5
100 _aمندور، احمد محمد
_eمؤلف
245 0 _aمبادئ الاقتصاد الجزئي /
_c احمد محمد مندور
260 _aالاسكندرية:
_bالدار الجامعية,
_c[دون تاريخ]
300 _a320 صفحة؛
_bإيضاحات ؛
_c24 سم
520 _aيضم مدخل تمهيدي، نظرية الطلب ومرونته، نظرية العرض ومرونته، تطبيقات على مرونات الطلب والعرض، توازن السوق التنافسية، تطبيقات على توازن السوق التنافسي، نظرية المنفعة الحديدية، تحليل منحنيات السوء، سلوك الانتاج والتكاليف، أشكال السوق وتوازن المشروع، تحديد أسعار خدمات عوامل الانتاج
653 _aالاقتصاد التحليلي
653 _aالاقتصاد الجزئي
653 _aالسعر
653 _aالطلب
653 _aالعرض
942 _cكتاب
999 _c44529
_d44529